[Event "EWICC 2019"]
[Site "Antalya"]
[Date "2019.04.20"]
[Round "9.50"]
[White "Rodshtein, Tereza"]
[Black "Olde, Margareth"]
[Result "1/2-1/2"]
[WhiteElo "2234"]
[BlackElo "2088"]
[Annotator "NA"]
[PlyCount "106"]
[EventDate "2019.04.11"]
[EventType "swiss"]
[EventCountry "TUR"]
[SourceTitle "playchess.com"]
[Source "ChessBase"]
[SourceQuality "1"]

1. e4 c5 2. Nf3 e6 3. d4 cxd4 4. Nxd4 Nc6 5. Nc3 Qc7 6. Be3 a6 7. Be2 Nf6 8. O-O Bb4 9. Nxc6 bxc6 10. f4 Bxc3 11. bxc3 Nxe4 12. Bf3 Nd6 13. Rb1 Nb7 14. Bb6 Qd6 15. Qxd6 Nxd6 16. Rfd1 Nb7 17. c4 O-O 18. c5 f5 19. Rb3 a5 20. a4 Ra6 21. Kf2 Kf7 22. Ke3 Re8 23. Kd4 d5 24. Bh5+ g6 25. Be2 Ra8 26. Ke5 Ke7 27. Rh3 h5 28. Rg3 Kf7 29. Rb3 Bd7 30. h3 Rh8 31. Rdb1 Rhc8 32. Rh1 Rh8 33. Kd4 Rhc8 34. g3 Ke7 35. g4 h4 36. Rg1 Kf7 37. Bd3 Kf6 38. c3 Kf7 39. Rb2 Kf6 40. Re2 Be8 41. gxf5 exf5 42. Rge1 Bf7 43. Re7 Nd8 44. Bxd8 Rxd8 45. Rc7 Rac8 46. Ree7 Rxc7 47. Rxc7 Be8 48. Rh7 Bf7 49. Ba6 Re8 50. Bd3 Ra8 51. Be2 Re8 52. Bd3 Ra8 53. Be2 Re8 1/2-1/2

[Event "EWICC 2019"]
[Site "Antalya"]
[Date "2019.04.20"]
[Round "9.51"]
[White "Hereklioglu, Sude"]
[Black "Utiatskaja, Irina"]
[Result "0-1"]
[WhiteElo "1948"]
[BlackElo "2210"]
[Annotator "NA"]
[PlyCount "108"]
[EventDate "2019.04.11"]
[EventType "swiss"]
[EventCountry "TUR"]
[SourceTitle "playchess.com"]
[Source "ChessBase"]
[SourceQuality "1"]

1. e4 c5 2. Nc3 Nc6 3. Bb5 Nd4 4. Bc4 g6 5. Nf3 Bg7 6. Nxd4 cxd4 7. Qf3 f5 8. Ne2 Qa5 9. c3 dxc3 10. dxc3 Nf6 11. exf5 Qxf5 12. Qxf5 gxf5 13. Nd4 e6 14. Nb5 Kd8 15. Bf4 Ne8 16. O-O-O a6 17. Bg5+ Bf6 18. Bxf6+ Nxf6 19. Nd6 Kc7 20. Be2 Rf8 21. c4 b6 22. h3 Ne4 23. Nxe4 fxe4 24. Rhf1 Bb7 25. g4 d5 26. f4 Kd6 27. g5 Rac8 28. h4 b5 29. b3 bxc4 30. bxc4 a5 31. Kd2 d4 32. Rc1 Kc5 33. h5 d3 34. Bxd3 exd3 35. Kxd3 Rcd8+ 36. Ke3 Rd4 37. g6 hxg6 38. hxg6 Re4+ 39. Kd3 Rd8+ 40. Kc3 Re3+ 41. Kb2 Rd2+ 42. Rc2 Rxc2+ 43. Kxc2 Be4+ 44. Kd2 Rd3+ 45. Ke2 Rg3 46. Re1 Rxg6 47. Kf2 Kd4 48. c5 Rg2+ 49. Kf1 Rc2 50. Rd1+ Ke3 51. Kg1 Rg2+ 52. Kf1 Rh2 53. Re1+ Kxf4 54. c6 Rh1+ 0-1

[Event "EWICC 2019"]
[Site "Antalya"]
[Date "2019.04.20"]
[Round "9.52"]
[White "Trisha Kanyamarala"]
[Black "Janzelj, Lara"]
[Result "0-1"]
[WhiteElo "2028"]
[BlackElo "2182"]
[Annotator "NA"]
[PlyCount "166"]
[EventDate "2019.04.11"]
[EventType "swiss"]
[EventCountry "TUR"]
[SourceTitle "playchess.com"]
[Source "ChessBase"]
[SourceQuality "1"]

1. Nf3 d5 2. c4 c6 3. g3 Bg4 4. Ne5 Bh5 5. Bg2 e6 6. d4 Bd6 7. Nf3 Ne7 8. b3 O-O 9. O-O Nd7 10. Ba3 Bxa3 11. Nxa3 Qa5 12. Nc2 dxc4 13. bxc4 Rfd8 14. Qe1 Qxe1 15. Rfxe1 e5 16. dxe5 Ng6 17. e6 fxe6 18. Ng5 Re8 19. Ne4 Rab8 20. Rab1 Red8 21. Nd4 Ngf8 22. Nb3 Nb6 23. c5 Nc4 24. Rbc1 Na3 25. Nd6 Nd7 26. Bh3 e5 27. Ne4 Nf6 28. Nd6 Nd7 29. Ne4 Nb5 30. a4 Nd4 31. Nxd4 exd4 32. Rcd1 Ne5 33. Be6+ Kf8 34. f4 Ke7 35. Ba2 Bg6 36. Nd6 Nd7 37. e4 Nxc5 38. e5 d3 39. f5 Bh5 40. Rd2 Be2 41. Rc1 Nd7 42. f6+ Kf8 43. fxg7+ Kxg7 44. Nf5+ Kh8 45. e6 Ne5 46. Kg2 Nf3 47. Rcd1 Nxd2 48. Rxd2 Rf8 49. Nd6 Rf6 50. h3 b5 51. axb5 cxb5 52. g4 b4 53. g5 Rg6 54. Nf7+ Kg7 55. Bb3 a5 56. Nd6 Rxg5+ 57. Kf2 Re5 58. e7 Rxe7 59. Nf5+ Kf6 60. Nxe7 Kxe7 61. Ra2 Rb5 62. Ke3 Rc5 63. Bg8 h5 64. h4 Re5+ 65. Kd4 Kd6 66. Bb3 Rc5 67. Ke3 Rc3 68. Bf7 Rc5 69. Ra1 Kc6 70. Bb3 Rc3 71. Ba4+ Kb6 72. Rb1 Rc4 73. Rg1 Rxh4 74. Rg6+ Kc5 75. Rc6+ Kd5 76. Ra6 Rh3+ 77. Kd2 Bg4 78. Bb3+ Ke4 79. Rxa5 Rh2+ 80. Ke1 Ke3 81. Re5+ Kd4 82. Rd5+ Kc3 83. Ba4 b3 0-1

[Event "EWICC 2019"]
[Site "Antalya"]
[Date "2019.04.20"]
[Round "9.53"]
[White "Teuschler, Barbara"]
[Black "Pipia, Ekaterine"]
[Result "1/2-1/2"]
[WhiteElo "2180"]
[BlackElo "1936"]
[Annotator "NA"]
[PlyCount "43"]
[EventDate "2019.04.11"]
[EventType "swiss"]
[EventCountry "TUR"]
[SourceTitle "playchess.com"]
[Source "ChessBase"]
[SourceQuality "1"]

1. e4 g6 2. d4 Bg7 3. Nc3 d6 4. f4 a6 5. Nf3 b5 6. Bd3 Nd7 7. e5 c5 8. Be4 Rb8 9. O-O Nh6 10. exd6 O-O 11. f5 Nf6 12. fxg6 hxg6 13. dxc5 exd6 14. Bg5 dxc5 15. Qc1 Bf5 16. Bxf5 Nxf5 17. Ne4 Qb6 18. Nxf6+ Bxf6 19. Bxf6 Qxf6 20. c3 Rfe8 21. Qf4 Qd6 22. Qxd6 1/2-1/2

[Event "EWICC 2019"]
[Site "Antalya"]
[Date "2019.04.20"]
[Round "9.54"]
[White "Ferkova, Dominika"]
[Black "Represa Perez, Mireya"]
[Result "1-0"]
[WhiteElo "1993"]
[BlackElo "2164"]
[Annotator "NA"]
[PlyCount "117"]
[EventDate "2019.04.11"]
[EventType "swiss"]
[EventCountry "TUR"]
[SourceTitle "playchess.com"]
[Source "ChessBase"]
[SourceQuality "1"]

1. d4 Nf6 2. c4 e6 3. Nc3 Bb4 4. e3 b6 5. Nge2 Ba6 6. a3 Bxc3+ 7. Nxc3 d5 8. cxd5 Bxf1 9. Kxf1 exd5 10. Bd2 O-O 11. g3 Re8 12. Rc1 Qd7 13. Kg2 c6 14. a4 a6 15. a5 b5 16. Na2 Ne4 17. f3 Nd6 18. b3 Re6 19. Nb4 Nf5 20. Re1 Rg6 21. Kf2 Qd6 22. Rg1 Rf6 23. Nd3 Nd7 24. Bb4 Qe6 25. Qd2 Rh6 26. Rh1 Re8 27. Nf4 Qf6 28. Ng2 g5 29. g4 Nh4 30. Nxh4 Rxh4 31. h3 Kg7 32. Qd3 h5 33. Qf5 hxg4 34. Qxf6+ Nxf6 35. hxg4 Rxh1 36. Rxh1 Rh8 37. Rxh8 Kxh8 38. Be7 Nh7 39. e4 Kg7 40. e5 f6 41. exf6+ Nxf6 42. Bxf6+ Kxf6 43. b4 Ke6 44. Ke3 Kf6 45. f4 Kg6 46. fxg5 Kxg5 47. Kf3 Kg6 48. Kf4 Kf6 49. g5+ Kg6 50. Ke5 Kxg5 51. Kd6 Kf5 52. Kxc6 Ke6 53. Kc5 Ke7 54. Kxd5 Kd7 55. Kc5 Kc7 56. d5 Kd7 57. Kb6 Kd6 58. Kxa6 Kxd5 59. Kxb5 1-0

[Event "EWICC 2019"]
[Site "Antalya"]
[Date "2019.04.20"]
[Round "9.55"]
[White "Koljevic, Nikolina"]
[Black "Hapala, Elisabeth"]
[Result "0-1"]
[WhiteElo "1917"]
[BlackElo "2140"]
[Annotator "NA"]
[PlyCount "52"]
[EventDate "2019.04.11"]
[EventType "swiss"]
[EventCountry "TUR"]
[SourceTitle "playchess.com"]
[Source "ChessBase"]
[SourceQuality "1"]

1. e4 c5 2. Nf3 e6 3. d4 cxd4 4. Nxd4 a6 5. Nc3 Qc7 6. Qf3 Nf6 7. Qg3 d6 8. Be3 Nbd7 9. O-O-O b5 10. f3 b4 11. Na4 Bb7 12. Kb1 e5 13. Nf5 g6 14. Nh6 Bc6 15. b3 Bxa4 16. bxa4 Nc5 17. Qh4 Be7 18. Bg5 Nxa4 19. Bxf6 Qc3 20. Kc1 Qe3+ 21. Rd2 Qa3+ 22. Kd1 Nc3+ 23. Ke1 Qc1+ 24. Kf2 Qxd2+ 25. Kg3 Qf4+ 26. Kh3 Bxf6 0-1

[Event "EWICC 2019"]
[Site "Antalya"]
[Date "2019.04.20"]
[Round "9.57"]
[White "Chan, Naruna"]
[Black "Ilyuchyk, Yana"]
[Result "0-1"]
[WhiteElo "2004"]
[BlackElo "2152"]
[Annotator "NA"]
[PlyCount "80"]
[EventDate "2019.04.11"]
[EventType "swiss"]
[EventCountry "TUR"]
[SourceTitle "playchess.com"]
[Source "ChessBase"]
[SourceQuality "1"]

1. e4 c5 2. c3 d5 3. exd5 Qxd5 4. d4 Nf6 5. Nf3 e6 6. Bd3 Be7 7. O-O O-O 8. Be3 b6 9. c4 Qd8 10. Nc3 cxd4 11. Nxd4 Bb7 12. Qe2 Nc6 13. Rad1 Qc8 14. Nf3 Qb8 15. Bg5 g6 16. Rfe1 Ng4 17. g3 Bxg5 18. Nxg5 Nf6 19. Nce4 Nxe4 20. Bxe4 Qc7 21. h4 Rad8 22. h5 Nd4 23. Qe3 Bxe4 24. Nxe4 Qe5 25. f4 Qh8 26. Rd2 Nf5 27. Qf2 gxh5 28. Red1 Rxd2 29. Rxd2 Qg7 30. Qf3 Kh8 31. Kh2 Rg8 32. Rg2 Qd4 33. Ng5 Rg7 34. Qxh5 Kg8 35. Qf3 Rg6 36. Nh3 Qxc4 37. Qd1 Ne3 38. Qd8+ Kg7 39. b3 Ng4+ 40. Kh1 Qf1+ 0-1

[Event "EWICC 2019"]
[Site "Antalya"]
[Date "2019.04.20"]
[Round "9.58"]
[White "Berke, Ana"]
[Black "Aydin, Gulenay"]
[Result "1/2-1/2"]
[WhiteElo "2146"]
[BlackElo "1936"]
[Annotator "NA"]
[PlyCount "109"]
[EventDate "2019.04.11"]
[EventType "swiss"]
[EventCountry "TUR"]
[SourceTitle "playchess.com"]
[Source "ChessBase"]
[SourceQuality "1"]

1. d4 Nf6 2. Bf4 g6 3. Nc3 d5 4. e3 Bg7 5. Nf3 O-O 6. h4 h5 7. Be2 c5 8. Nb5 Na6 9. c3 Bf5 10. Ne5 cxd4 11. exd4 Nb8 12. g4 hxg4 13. Nxg4 Nxg4 14. Bxg4 Qd7 15. Be2 Nc6 16. Qd2 a6 17. Na3 b5 18. Nc2 b4 19. Ne3 bxc3 20. bxc3 e5 21. dxe5 Nxe5 22. Rd1 Rfe8 23. Qxd5 Qxd5 24. Nxd5 Nd3+ 25. Kf1 Nxf4 26. Nxf4 Bxc3 27. Nd5 Be4 28. Rh3 Bxd5 29. Rxd5 Bf6 30. h5 Rac8 31. Bd3 gxh5 32. Rdxh5 Rc1+ 33. Kg2 Re6 34. Ra5 Bd4 35. Rg3+ Kf8 36. Rg4 Ba7 37. Rf4 Rcc6 38. Raf5 f6 39. Rh5 Rc7 40. Rg4 Ke7 41. Rg8 Re5 42. Rxe5+ fxe5 43. Bxa6 Kf6 44. Ra8 Bd4 45. Bd3 Ra7 46. Be4 Rxa8 47. Bxa8 Ke6 48. Kg3 Kd6 49. f3 Kc5 50. Kg4 Be3 51. Kf5 Bf4 52. a4 Kb6 53. Ke4 Ka5 54. Bc6 Bg3 55. Kd5 1/2-1/2

[Event "EWICC 2019"]
[Site "Antalya"]
[Date "2019.04.20"]
[Round "9.59"]
[White "Palma, Maria"]
[Black "Kejzar, Petra"]
[Result "1-0"]
[WhiteElo "1998"]
[BlackElo "2082"]
[Annotator "NA"]
[PlyCount "57"]
[EventDate "2019.04.11"]
[EventType "swiss"]
[EventCountry "TUR"]
[SourceTitle "playchess.com"]
[Source "ChessBase"]
[SourceQuality "1"]

1. d4 Nf6 2. c4 e6 3. Nf3 b6 4. g3 Ba6 5. Qa4 Bb7 6. Bg2 Be7 7. O-O O-O 8. Nc3 Ne4 9. Rd1 d6 10. Be3 f5 11. Rac1 Nd7 12. c5 Nxc3 13. Rxc3 Nf6 14. Ng5 Bxg2 15. Kxg2 Qc8 16. cxd6 Bxd6 17. d5 Nxd5 18. Rxd5 exd5 19. Qc6 Qe8 20. Qxd5+ Kh8 21. Bd4 Rb8 22. Re3 Qg6 23. Ne6 Rg8 24. h4 h6 25. Nxg7 Rxg7 26. Re6 Qf7 27. Rxh6+ Kg8 28. Rh8+ Kxh8 29. Qxf7 1-0

[Event "EWICC 2019"]
[Site "Antalya"]
[Date "2019.04.20"]
[Round "9.60"]
[White "Catal, Uktenur"]
[Black "Sade, Defne"]
[Result "1-0"]
[WhiteElo "1820"]
[BlackElo "2013"]
[Annotator "NA"]
[PlyCount "95"]
[EventDate "2019.04.11"]
[EventType "swiss"]
[EventCountry "TUR"]
[SourceTitle "playchess.com"]
[Source "ChessBase"]
[SourceQuality "1"]

1. d4 d5 2. c4 c6 3. Nf3 Nf6 4. e3 Bg4 5. Nc3 e6 6. Qb3 Qc7 7. Be2 Nbd7 8. h3 Bh5 9. O-O Be7 10. Bd2 Nb6 11. cxd5 exd5 12. Rfc1 O-O 13. Na4 Nxa4 14. Qxa4 Ne4 15. Be1 Bd6 16. Qd1 Qe7 17. Nd2 Bxe2 18. Qxe2 f5 19. Qd3 Rae8 20. Rab1 Rf6 21. b4 Rg6 22. f4 a6 23. Nf3 Re6 24. Ne5 h6 25. a4 g5 26. b5 axb5 27. axb5 c5 28. dxc5 Bxc5 29. Kh1 Rd8 30. Qb3 gxf4 31. exf4 Qg7 32. Rd1 Red6 33. Bh4 Nf2+ 34. Bxf2 Bxf2 35. Rb2 Bg3 36. Qf3 Bh4 37. Rbd2 Qg3 38. Qh5 Rf8 39. Rd3 Qxf4 40. Ng6 Qf2 41. Qxh4 Qxh4 42. Nxh4 Re6 43. Rxd5 f4 44. Rd6 Re2 45. Rxh6 Rc8 46. Rg6+ Kh8 47. Rd5 Rc7 48. Rh5+ 1-0

[Event "EWICC 2019"]
[Site "Antalya"]
[Date "2019.04.20"]
[Round "9.61"]
[White "Tanir, Simay"]
[Black "Anacoglu, Cisel"]
[Result "0-1"]
[WhiteElo "1361"]
[BlackElo "1958"]
[Annotator "NA"]
[PlyCount "46"]
[EventDate "2019.04.11"]
[EventType "swiss"]
[EventCountry "TUR"]
[SourceTitle "playchess.com"]
[Source "ChessBase"]
[SourceQuality "1"]

1. d4 d5 2. c4 c6 3. cxd5 cxd5 4. Nc3 Nf6 5. Bf4 Nc6 6. e3 Ne4 7. Bd3 Nxc3 8. bxc3 e6 9. Nf3 Bd6 10. Bg3 O-O 11. Bxd6 Qxd6 12. Qe2 b6 13. O-O Bb7 14. Nd2 Rac8 15. Nb3 Qa3 16. c4 Nb4 17. cxd5 Nxd3 18. Qxd3 Ba6 19. Qd2 Bxf1 20. Kxf1 exd5 21. Rc1 Rc4 22. Rxc4 dxc4 23. Nc1 c3 0-1

[Event "EWICC 2019"]
[Site "Antalya"]
[Date "2019.04.20"]
[Round "9.62"]
[White "Nemcova, Karin"]
[Black "Demirtas, Hafize"]
[Result "1-0"]
[WhiteElo "2066"]
[BlackElo "1888"]
[Annotator "NA"]
[PlyCount "89"]
[EventDate "2019.04.11"]
[EventType "swiss"]
[EventCountry "TUR"]
[SourceTitle "playchess.com"]
[Source "ChessBase"]
[SourceQuality "1"]

1. e4 c5 2. Nf3 Nc6 3. d4 cxd4 4. Nxd4 g6 5. c4 Nf6 6. Nc3 Bg7 7. Be3 d6 8. Be2 Nxd4 9. Bxd4 Be6 10. O-O O-O 11. Rc1 Ne8 12. Be3 Nc7 13. f4 Bh6 14. Qd2 f5 15. Kh1 fxe4 16. Nxe4 Qd7 17. Bf3 Bg4 18. Nc3 Bxf3 19. Rxf3 Bg7 20. Bd4 e5 21. Bxe5 Bxe5 22. fxe5 Rxf3 23. gxf3 Qc6 24. exd6 Qxf3+ 25. Qg2 Qxg2+ 26. Kxg2 Ne6 27. Re1 Kf7 28. b3 Rd8 29. Ne4 Nf4+ 30. Kg3 Nh5+ 31. Kf3 Kg7 32. c5 Rf8+ 33. Ke3 Nf4 34. Kd4 Ne6+ 35. Kc4 Nd8 36. b4 a6 37. a4 Nc6 38. Nc3 Rf4+ 39. Re4 Rxe4+ 40. Nxe4 Kf7 41. b5 axb5+ 42. axb5 Na7 43. c6 b6 44. d7 Ke7 45. Nd6 1-0

[Event "EWICC 2019"]
[Site "Antalya"]
[Date "2019.04.20"]
[Round "9.63"]
[White "Oz, Irem Ezra"]
[Black "Pintor, Ariana"]
[Result "1/2-1/2"]
[WhiteElo "1687"]
[BlackElo "1918"]
[Annotator "NA"]
[PlyCount "157"]
[EventDate "2019.04.11"]
[EventType "swiss"]
[EventCountry "TUR"]
[SourceTitle "playchess.com"]
[Source "ChessBase"]
[SourceQuality "1"]

1. e4 c6 2. d4 d5 3. Nd2 dxe4 4. Nxe4 Bf5 5. Ng3 Bg6 6. Bc4 Nd7 7. Nf3 e6 8. Bf4 Qa5+ 9. c3 Ngf6 10. O-O Rd8 11. Qb3 Nb6 12. Bxe6 fxe6 13. Qxe6+ Be7 14. Rfe1 Nfd5 15. Bc7 Rd7 16. Bxb6 Nxb6 17. Ne5 Qd5 18. Nxd7 Qxe6 19. Rxe6 Kxd7 20. Rae1 Bf6 21. R6e2 Nc4 22. b3 Nd6 23. f4 h5 24. Nf1 Nb5 25. Re3 Re8 26. Rxe8 Bxe8 27. Re3 Bg6 28. Kh1 Bb1 29. a4 Nc7 30. Re1 Bc2 31. Nd2 Nd5 32. Rc1 Bd3 33. g3 g5 34. c4 Nb4 35. Kg2 Bxd4 36. Nf3 Be4 37. Re1 Bxf3+ 38. Kxf3 gxf4 39. gxf4 Bf6 40. Re3 Nc2 41. Rd3+ Nd4+ 42. Ke4 c5 43. Kd5 b6 44. a5 Nc6 45. axb6 axb6 46. Rg3 Ne7+ 47. Ke4 Ke6 48. Rd3 Nf5 49. Rd1 h4 50. Rd3 Bd4 51. Kf3 Kf6 52. Ke4 Ke6 53. Kf3 Kf7 54. Ke4 Kf6 55. Kd5 Bg1 56. h3 Bd4 57. Kc6 Ne3 58. Kxb6 Kf5 59. Kb5 Kxf4 60. b4 Ke4 61. Rb3 cxb4 62. Kxb4 Nc2+ 63. Kb5 Be5 64. Kb6 Nd4 65. Ra3 Ne6 66. Ra8 Kd4 67. Re8 Nf4 68. c5 Nd5+ 69. Kb7 Bg3 70. c6 Kc5 71. Rd8 Bf4 72. Rxd5+ Kxd5 73. c7 Bxc7 74. Kxc7 Ke5 75. Kc6 Kf4 76. Kd5 Kg3 77. Ke4 Kxh3 78. Kf3 Kh2 79. Ke4 1/2-1/2

[Event "EWICC 2019"]
[Site "Antalya"]
[Date "2019.04.21"]
[Round "10.2"]
[White "Kashlinskaya, Alina"]
[Black "Bodnaruk, Anastasia"]
[Result "1-0"]
[WhiteElo "2477"]
[BlackElo "2427"]
[Annotator "ChessBase"]
[PlyCount "109"]
[EventDate "2019.04.11"]
[EventType "swiss"]
[EventCountry "TUR"]
[SourceTitle "playchess.com"]
[Source "ChessBase"]
[SourceQuality "1"]

1. d4 Nf6 2. c4 g6 3. Nc3 d5 4. Bf4 Bg7 5. e3 O-O 6. cxd5 Nxd5 7. Nxd5 Qxd5 8. Bxc7 Na6 9. Bxa6 Qxg2 10. Qf3 Qxf3 11. Nxf3 bxa6 12. Rc1 f6 13. Rg1 Rf7 14. b3 Bb7 15. Ke2 Bf8 16. Ba5 e6 17. Nd2 Re8 18. Nc4 e5 19. Rgd1 e4 20. d5 Bc8 21. Rd4 Bd7 22. Ke1 Rc8 23. Rxe4 Bf5 24. Rd4 Bd6 25. h4 Rd7 26. Rcd1 Be5 27. Nxe5 fxe5 28. Rc4 Rf8 29. Bb4 Rff7 30. Rc8+ Kg7 31. Re8 e4 32. d6 Kh6 33. Rd5 Rb7 34. Re7 Rd7 35. Kf1 Kg7 36. Kg2 Kh6 37. Kg3 Kg7 38. Ra5 Rb7 39. Bc3+ Kf8 40. Rxb7 Rxb7 41. Rxa6 Kf7 42. Bd4 Ke6 43. Bxa7 Rb5 44. Bd4 Rd5 45. Ra7 h5 46. b4 Kxd6 47. a4 Bd7 48. b5 g5 49. b6 Bc6 50. a5 gxh4+ 51. Kxh4 Rf5 52. a6 Rxf2 53. Rh7 Rf8 54. b7 Rg8 55. a7 1-0

[Event "EWICC 2019"]
[Site "Antalya"]
[Date "2019.04.21"]
[Round "10.3"]
[White "Tsolakidou, Stavroula"]
[Black "Paehtz, Elisabeth"]
[Result "1/2-1/2"]
[WhiteElo "2429"]
[BlackElo "2456"]
[Annotator "ChessBase"]
[PlyCount "64"]
[EventDate "2019.04.11"]
[EventType "swiss"]
[EventCountry "TUR"]
[SourceTitle "playchess.com"]
[Source "ChessBase"]
[SourceQuality "1"]

1. e4 e5 2. Nf3 Nc6 3. Bb5 a6 4. Ba4 Nf6 5. d3 d6 6. c3 g6 7. h3 Bg7 8. Be3 O-O 9. Nbd2 Re8 10. O-O Bd7 11. Re1 h6 12. Bc2 d5 13. a3 Be6 14. b4 Qd7 15. Ba4 b5 16. Bc2 Rad8 17. Qc1 Kh7 18. Nb3 Bxh3 19. gxh3 Qxh3 20. Nh2 d4 21. Bd2 Ng4 22. Nxg4 Qxg4+ 23. Kf1 Qh3+ 24. Ke2 Qg4+ 25. Kf1 f5 26. Qd1 Qh3+ 27. Kg1 f4 28. f3 Qg3+ 29. Kh1 dxc3 30. Bxc3 Qh3+ 31. Kg1 Qg3+ 32. Kh1 Qh3+ 1/2-1/2

[Event "EWICC 2019"]
[Site "Antalya"]
[Date "2019.04.21"]
[Round "10.4"]
[White "Atalik, Ekaterina"]
[Black "Ushenina, Anna"]
[Result "1/2-1/2"]
[WhiteElo "2455"]
[BlackElo "2432"]
[Annotator "ChessBase"]
[PlyCount "60"]
[EventDate "2019.04.11"]
[EventType "swiss"]
[EventCountry "TUR"]
[SourceTitle "playchess.com"]
[Source "ChessBase"]
[SourceQuality "1"]

1. d4 Nf6 2. c4 e6 3. Nc3 Bb4 4. g3 d5 5. Bg2 O-O 6. Nf3 dxc4 7. O-O Nc6 8. Qa4 Nd5 9. Qc2 Be7 10. Rd1 Rb8 11. e4 Ncb4 12. Qb1 Nxc3 13. bxc3 Nd3 14. Qb5 Nxc1 15. Raxc1 c5 16. Qxc4 Bd7 17. Ne5 Qc7 18. f4 Rfd8 19. h4 Be8 20. Kh2 Bd6 21. Qe2 Rbc8 22. Nd3 Ba4 23. Rd2 Bf8 24. d5 exd5 25. exd5 Re8 26. Qf3 Bd6 27. Nf2 Bd7 28. Bh3 Re7 29. Bxd7 Qxd7 30. Rcc2 c4 1/2-1/2

[Event "EWICC 2019"]
[Site "Antalya"]
[Date "2019.04.21"]
[Round "10.5"]
[White "Socko, Monika"]
[Black "Guichard, Pauline"]
[Result "1/2-1/2"]
[WhiteElo "2447"]
[BlackElo "2392"]
[Annotator "TA"]
[PlyCount "54"]
[EventDate "2019.04.11"]
[EventType "swiss"]
[EventCountry "TUR"]
[SourceTitle "playchess.com"]
[Source "ChessBase"]
[SourceQuality "1"]

1. d4 Nf6 2. c4 g6 3. Nc3 Bg7 4. e4 d6 5. Bd3 O-O 6. Nge2 a6 7. O-O Nbd7 8. Kh1 c5 9. d5 Ne5 10. a4 e6 11. f4 Nxd3 12. Qxd3 exd5 13. cxd5 Bd7 14. a5 Bb5 15. Qf3 Re8 16. Re1 Bxe2 17. Rxe2 Nd7 18. Bd2 b5 19. axb6 Qxb6 20. Be1 a5 21. h3 Qb3 22. Ra3 Qc4 23. Bg3 f5 24. Ra4 Qb3 25. Ra3 Qc4 26. Ra4 Qb3 27. Ra3 Qc4 1/2-1/2

[Event "EWICC 2019"]
[Site "Antalya"]
[Date "2019.04.21"]
[Round "10.6"]
[White "Dzagnidze, Nana"]
[Black "Pogonina, Natalija"]
[Result "1-0"]
[WhiteElo "2513"]
[BlackElo "2455"]
[Annotator "ChessBase"]
[PlyCount "97"]
[EventDate "2019.04.11"]
[EventType "swiss"]
[EventCountry "TUR"]
[SourceTitle "playchess.com"]
[Source "ChessBase"]
[SourceQuality "1"]

1. e4 e5 2. Nf3 Nc6 3. Bc4 Bc5 4. c3 Nf6 5. d4 exd4 6. e5 d5 7. Bb5 Ne4 8. cxd4 Bb6 9. Nc3 O-O 10. Be3 Bd7 11. Qb3 Nxc3 12. Bxc6 Bxc6 13. bxc3 Qd7 14. a4 Ba5 15. O-O Qf5 16. Bc1 Rfe8 17. Ba3 Qd3 18. Bb4 Bxb4 19. Qxb4 a5 20. Qc5 Qe4 21. Rfe1 Qg4 22. Nd2 Qd7 23. Qa3 b6 24. Nf1 b5 25. axb5 Bxb5 26. Ne3 c6 27. Qa2 a4 28. Qc2 c5 29. Nf5 cxd4 30. cxd4 Rec8 31. Qb1 Rcb8 32. Nd6 Bc4 33. Qc1 Bb3 34. Re3 Ra7 35. Rg3 f6 36. h3 Rf8 37. Qh6 Kh8 38. Qh5 fxe5 39. dxe5 Rc7 40. Re1 Bc2 41. Rf3 Rxf3 42. Qxf3 h6 43. e6 Qe7 44. Qxd5 Kh7 45. Nf5 Bxf5 46. Qxf5+ Kg8 47. Qf4 Ra7 48. Qb8+ Kh7 49. Qxa7 1-0

[Event "EWICC 2019"]
[Site "Antalya"]
[Date "2019.04.21"]
[Round "10.7"]
[White "Zawadzka, Jolanta"]
[Black "Khotenashvili, Bela"]
[Result "1-0"]
[WhiteElo "2418"]
[BlackElo "2479"]
[Annotator "ChessBase"]
[PlyCount "103"]
[EventDate "2019.04.11"]
[EventType "swiss"]
[EventCountry "TUR"]
[SourceTitle "playchess.com"]
[Source "ChessBase"]
[SourceQuality "1"]

1. e4 e5 2. Nf3 Nc6 3. Bb5 a6 4. Ba4 Nf6 5. O-O Nxe4 6. d4 b5 7. Bb3 d5 8. dxe5 Be6 9. Nbd2 Nc5 10. c3 Be7 11. Nd4 Qd7 12. Bc2 Nxe5 13. f4 Bg4 14. Qe1 Ned3 15. Qg3 Nxc1 16. Raxc1 Kf8 17. b4 Na4 18. f5 h5 19. Bxa4 bxa4 20. h3 Bd6 21. Qd3 Qd8 22. hxg4 hxg4 23. Kf2 Rh2 24. Rg1 Qg5 25. Ke2 a5 26. bxa5 Rxa5 27. Rb1 Ra8 28. Kd1 Bf4 29. Nf1 Rh6 30. Kc2 c5 31. Ne2 Rd8 32. Nxf4 Qxf4 33. Nd2 c4 34. Qf1 Qe5 35. Qf2 Kg8 36. Rge1 Qf6 37. Qf4 Rh5 38. Rf1 d4 39. cxd4 a3 40. Rb8 Rxb8 41. Qxb8+ Kh7 42. Ne4 Qe7 43. Qe5 Qd8 44. d5 f6 45. Qd4 Rh2 46. Rg1 Qd7 47. d6 Rh5 48. Ng3 Rh2 49. Kc1 c3 50. Rd1 Rh4 51. Qxc3 Rh2 52. Rd2 1-0

[Event "EWICC 2019"]
[Site "Antalya"]
[Date "2019.04.21"]
[Round "10.8"]
[White "Guseva, Marina"]
[Black "Stefanova, Antoaneta"]
[Result "0-1"]
[WhiteElo "2404"]
[BlackElo "2464"]
[Annotator "ChessBase"]
[PlyCount "76"]
[EventDate "2019.04.11"]
[EventType "swiss"]
[EventCountry "TUR"]
[SourceTitle "playchess.com"]
[Source "ChessBase"]
[SourceQuality "1"]

1. d4 Nf6 2. c4 g6 3. Nf3 Bg7 4. g3 O-O 5. Bg2 c6 6. O-O d5 7. Qb3 Qb6 8. Nc3 Rd8 9. Rd1 Bf5 10. Ne1 Be6 11. cxd5 Qxb3 12. axb3 Nxd5 13. Ra3 Nb4 14. e3 N8a6 15. Bd2 Bf5 16. Ne2 e5 17. Ra4 Nd3 18. Bc3 Bg4 19. f3 Nxe1 20. Rxe1 exd4 21. Nxd4 Bd7 22. Bf1 Nc7 23. Ne2 c5 24. Bxg7 Kxg7 25. Ra3 Bc6 26. e4 Rd2 27. Ra2 Ne6 28. Rc1 f5 29. exf5 gxf5 30. Rc3 a6 31. Re3 Kf6 32. Ra1 Rad8 33. Re1 Rxb2 34. Bh3 Rdd2 35. Rxe6+ Kxe6 36. Nd4+ Kd6 37. Nxc6 Kxc6 38. Bxf5 Rg2+ 0-1

[Event "EWICC 2019"]
[Site "Antalya"]
[Date "2019.04.21"]
[Round "10.9"]
[White "Girya, Olga"]
[Black "Mammadzada, Gunay"]
[Result "1/2-1/2"]
[WhiteElo "2461"]
[BlackElo "2438"]
[Annotator "ChessBase"]
[PlyCount "61"]
[EventDate "2019.04.11"]
[EventType "swiss"]
[EventCountry "TUR"]
[SourceTitle "playchess.com"]
[Source "ChessBase"]
[SourceQuality "1"]

1. d4 Nf6 2. c4 e6 3. Nf3 Bb4+ 4. Bd2 Bxd2+ 5. Qxd2 d5 6. Nc3 O-O 7. e3 Qe7 8. Rc1 dxc4 9. Bxc4 c5 10. dxc5 Rd8 11. Qe2 Qxc5 12. O-O Nc6 13. a3 Bd7 14. b4 Qh5 15. Rfd1 Ne5 16. Nxe5 Qxe5 17. f4 Qc7 18. Bd3 Rac8 19. Qe1 Qb6 20. Ne4 Ba4 21. Nxf6+ gxf6 22. Rxc8 Rxc8 23. Rc1 Rd8 24. Be4 f5 25. Bf3 Bc6 26. Bxc6 bxc6 27. Kf2 a5 28. Rd1 Rxd1 29. Qxd1 axb4 30. axb4 Qxb4 31. Qd8+ 1/2-1/2

[Event "EWICC 2019"]
[Site "Antalya"]
[Date "2019.04.21"]
[Round "10.10"]
[White "Mamedjarova, Turkan"]
[Black "Cramling, Pia"]
[Result "0-1"]
[WhiteElo "2256"]
[BlackElo "2460"]
[Annotator "ChessBase"]
[PlyCount "100"]
[EventDate "2019.04.11"]
[EventType "swiss"]
[EventCountry "TUR"]
[SourceTitle "playchess.com"]
[Source "ChessBase"]
[SourceQuality "1"]

1. d4 Nf6 2. Nf3 e6 3. c4 b6 4. a3 Ba6 5. Qc2 Bb7 6. Nc3 c5 7. dxc5 bxc5 8. Bf4 Nh5 9. Bg5 Be7 10. Bxe7 Qxe7 11. e3 O-O 12. Be2 Nf6 13. O-O-O d6 14. Rhg1 Nbd7 15. g4 Nb6 16. g5 Nfd7 17. Rg4 d5 18. Rh4 g6 19. Rg1 Rfd8 20. Rh6 Rab8 21. h4 Nxc4 22. h5 Nd6 23. hxg6 fxg6 24. Rxg6+ hxg6 25. Qxg6+ Kf8 26. Rh1 Qg7 27. Qxe6 Nf7 28. g6 Qf6 29. Qxf7+ Qxf7 30. gxf7 Kxf7 31. Rh7+ Kf6 32. Nh2 Rh8 33. Rxd7 Rxh2 34. Bf3 Rxf2 35. Bxd5 Bxd5 36. Rxd5 Rfxb2 37. Rxc5 Rh2 38. Rc7 Rb3 39. a4 Kf5 40. Rc5+ Kg4 41. Rc4+ Kf5 42. Rf4+ Ke6 43. Re4+ Kd7 44. Rc4 Rg2 45. Rc5 Rb4 46. e4 Kd6 47. Rc8 Ke5 48. Kd1 Kd4 49. Rc7 Kd3 50. Ke1 Rc2 0-1